000 00307nam a2200121Ia 4500
008 231129s2003||||xx |||||||||||||| ||spa||
082 _aER- 418
100 _aMuquitay Carlos. Seudónimo
245 0 _aNoches del poeta loco. Poemas
260 _c2003
264 _a[s.l.]: [s.no.] 2003
942 _2ddc
_cBKS
999 _c21743
_d21743